000 00418nam a22001217a 4500
020 _a
082 _a380.141BAS
100 _aGeoffrey Bastin & John Ellis
245 _aINTERNATIONAL TRADE IN GRAIN AND THE WORLD FOOD ECONOMY
260 _aLondon
_bThe Economist Intelligency unit ltd
_c1980
300 _a174p.
_bill;29cm
942 _cBK
999 _c19848
_d19848